Colombia City Quiz - Statistics

General Stats
  • This quiz has been taken 60 times
  • The average score is 6 of 9
Answer Stats
City % Correct
Bogota
98%
Medellin
98%
Cali
90%
Barranquilla
83%
Cartagena
81%
Bucaramanga
67%
Cucuta
50%
Soacha
29%
Soledad
17%
No matching quizzes found
Score Distribution
Percent of People with Each Score
Percentile by Number Answered
Your Score History
You have not taken this quiz